[Event "Liguria Region-ch"]
[Site "Spotorno"]
[Date "2016.05.15"]
[Round "5"]
[White "Pagliari, Lino"]
[Black "Spinelli, Alessio"]
[Result "0-1"]
[WhiteElo "1319"]
[BlackElo "1477"]
[PlyCount "58"]
[EventDate "2016.05.13"]
[EventType "swiss"]
[EventRounds "5"]
[EventCountry "ITA"]
[SourceTitle "EXT 2018"]
[Source "ChessBase"]
[SourceDate "2017.10.13"]
[SourceVersion "1"]
[SourceVersionDate "2017.10.13"]
[SourceQuality "1"]

1. e4 d5 2. exd5 Nf6 3. c4 c6 4. dxc6 Nxc6 5. d3 e5 6. Nf3 Bc5 7. Be2 0-0 8. 0-0 Bg4 9. Nc3 Qd7 10. Bg5 Qf5 11. Bxf6 gxf6 12. Nd5 Kh8 13. Qd2 Rg8 14. Nh4 Qh5 15. Nxf6 Qxh4 16. Nxg8 Rxg8 17. Bxg4 Qxg4 18. g3 Nd4 19. Kh1 Qf3+ 20. Kg1 Ne2+ 21. Qxe2 Qxe2 22. Rae1 Bxf2+ 23. Rxf2 Qxe1+ 24. Rf1 Qe3+ 25. Kg2 Qd2+ 26. Rf2 Qxd3 27. Rxf7 Qxc4 28. Rxb7 Qc6+ 29. Kh3 Qxb7 0-1